| 000 | 02504nam a22003377a 4500 | ||
|---|---|---|---|
| 005 | 20111228110753.0 | ||
| 010 | _aB-470847-857 | ||
| 020 |
_a9788128628924 _c40.00 |
||
| 035 | _aB-470847-857 | ||
| 037 | _bBlue Berry | ||
| 082 | _aS | ||
| 100 |
_aBlyton, Enid _952703 |
||
| 245 |
_aNoddy tidies toyland / _cby Enid Blyton |
||
| 260 |
_aMumbai _bEuro Books _c2011 |
||
| 270 |
_aDani Corporat e Park, First Floor, 158, Vidyanagari Marg, Kalina, Santacruz _bMumbai _e400098 |
||
| 300 |
_aunpages _bill. _c20cm(pbk) |
||
| 490 |
_aNody _952704 |
||
| 942 |
_2ddc _cCH _mBLY _hS |
||
| 999 |
_c60060 _d60060 |
||